|
|
|
|
| LEADER |
01372nam a2200301 u 4500 |
| 001 |
10027067 |
| 003 |
upatras |
| 005 |
20210117205958.0 |
| 008 |
970131s1995 us eng |
| 020 |
|
|
|a 1558992928
|q (Δερματόδετο)
|
| 040 |
|
|
|a GR-PaULI
|c GR-PaULI
|
| 041 |
0 |
|
|a eng
|
| 050 |
|
4 |
|a 95-31837
|
| 245 |
1 |
0 |
|a Modeling and simulation of thin-film processing
|b Proceedings of the Materials Research Society Symposium on "Modeling and...", held in San Francisco, CA, from April 17-20, 1995
|c Editors: David J. Srolovitz, Cynthia A. Volkert, Michael J. Fluss, Robert J. Kee
|
| 260 |
|
|
|a Pittsburgh
|b Materials Research Society
|c 1995
|
| 300 |
|
|
|a xi, 382 p.
|b fig., tab.
|c 23,5 cm
|
| 490 |
0 |
|
|a Materials Research Society Symposium Proceedings
|v v.389
|x 0272-9172
|
| 505 |
1 |
|
|a Includes references . - index
|
| 650 |
|
4 |
|a Φιλμς
|9 4367
|
| 700 |
1 |
|
|a Fluss, Michael J.
|9 152872
|
| 700 |
1 |
|
|a Kee, Robert J.
|9 152873
|
| 700 |
1 |
|
|a Srolovitz, David J.
|9 57136
|
| 700 |
1 |
|
|a Volkert, Cynthia A.
|9 152874
|
| 760 |
1 |
|
|a Materials Research Society symposium proceedings
|g v.389
|x 0272-9172
|
| 852 |
|
|
|a GR-PaULI
|b ΠΑΤΡΑ
|b ΦΥΣΙΚΟ
|k ΑΕΧ-1
|h 621.38152 SRO
|m 06170
|t 1
|
| 942 |
|
|
|2 ddc
|c BK15
|
| 952 |
|
|
|0 0
|1 0
|4 0
|6 621_381520000000000_SRO
|7 0
|9 197466
|a PHYS
|b PHYS
|d 2016-04-24
|i 06170
|l 0
|o 621.38152 SRO
|r 2016-04-24 00:00:00
|t 1
|w 2016-04-24
|y BK15
|
| 999 |
|
|
|c 121258
|d 121258
|